WWE - Multiple Choice Quiz #1 - Statistics

General Stats
  • This quiz has been taken 2,000 times
  • The average score is 10 of 15
Answer Stats
Question Answer % Correct
Which famous NBA star has appeared in the Andre The Giant Memorial Battle Royal? Shaquille O'Neal
88%
Which of the following teams was NOT in the first ever TLC match in the WWE? Chris Jericho & Chris Benoit
83%
Who was the first NXT Champion? Seth Rollins
80%
What was the main event match of WrestleMania 29 (2013)? John Cena vs. The Rock
78%
Who won the 2001 Royal Rumble match? Stone Cold Steve Austin
73%
Rey Mysterio won the Royal Rumble match in 2006. Who did he last eliminate to gain the victory? Randy Orton
68%
WCW invaded the WWE in 2001. Who was the reigning WCW Champion at the time? Booker T
67%
Who successfully cashed in the first women's Money In The Bank contract? Carmella
67%
After winning a tournament in 2016, who were the first ever Smackdown Tag Team Champions? Heath Slater & Rhyno
67%
Who did Rey Mysterio defeat to win the Intercontinental Championship at WrestleMania XXV (2009)? JBL
65%
Who teamed with Vince & Shane McMahon to take on DX in a Handicap Hell in the Cell match at Unforgiven 2006? The Big Show
59%
Triple H was awarded the new World Heavyweight Championship belt by Raw General Manager Eric Bischoff in September 2002. In what type of match did he lose the title in, two months later? Elimination Chamber match
58%
Which of the following have NOT won the King of the Ring tournament? Chris Jericho
57%
True or False - Kane & The Undertaker have won the WCW Tag Team Championship? True
49%
Which of the following have NOT been the Euro-continental Champion? (meaning they held the European Championship and Intercontinental Championship at the same time) Val Venis
37%
No matching quizzes found
Score Distribution
Percent of People with Each Score
Percentile by Number Answered
Your Score History
You have not taken this quiz